000 00582nam a2200205Ia 4500
003 OSt
005 20230524150841.0
008 210423s2012 xx 000 0 und d
040 _cAL
041 _aeng
082 _a380.02 KUMK
_223
100 _aKUMARI (Ranjita);KUMAR (Jayant).
_9112636
245 _aKumars UGC NET/JRF/SET commerce: paper II and III.
260 _aNew Delhi
_bVee Kumar Publications
_c2012
300 _a756
_bPB
365 _b545
_cINR
650 _aCommerce
_9112637
906 _acommerce: ; III. ; Kumars ; NET/JRF/SET ; paper ; UGC
942 _2ddc
_cBK
999 _c165439
_d165439